El área de lenguaje frente al trabajo de la educadora / (Record no. 4347)

MARC details
000 -CABECERA
campo de control de longitud fija 00803nam a2200229 a 4500
005 - FECHA Y HORA DE LA ÚLTIMA TRANSACCIÓN
campo de control 20231028063605.0
008 - ELEMENTOS DE LONGITUD FIJA--INFORMACIÓN GENERAL
campo de control de longitud fija 991125s1996 mx 000 0 spa u
035 ## - NÚMERO DE CONTROL DEL SISTEMA
Número de control de sistema UPN01000004347
049 ## - COLECCIÓN
Colección TES
099 ## - CLASIFICACIÓN LOCAL
Clasificación local 12863
100 1# - ASIENTO PRINCIPAL--NOMBRE PERSONAL
Nombre de persona Acuña Pastrana, Silvia Raquel
245 13 - MENCIÓN DE TÍTULO
Título El área de lenguaje frente al trabajo de la educadora /
Mención de responsabilidad, etc. Silvia Raquel Acuña Pastrana.
260 ## - PUBLICACIÓN, DISTRIBUCIÓN, ETC.
Lugar de publicación, distribución, etc. Xalapa :
Nombre del editor, distribuidor, etc. S. R. Acuña Pastrana,
Fecha de publicación, distribución, etc. 1996.
300 ## - DESCRIPCIÓN FÍSICA
Extensión 88, [9] h.
500 ## - NOTA GENERAL
Nota general "Unidad 301"
502 ## - NOTA DE TESIS
Nota de tesis Propuesta pedagógica (Lic. en Educación Preescolar) -- Universidad Pedagógica Nacional, 1996
650 #4 - ASIENTO SECUNDARIO DE MATERIA - TERMINO TEMATICO
Término de materia o nombre geográfico como elemento de entrada Niños
Subdivisión general Lenguaje
9 (RLIN) 5709
650 #4 - ASIENTO SECUNDARIO DE MATERIA - TERMINO TEMATICO
Término de materia o nombre geográfico como elemento de entrada Cuentos infantiles
9 (RLIN) 6744
650 #4 - ASIENTO SECUNDARIO DE MATERIA - TERMINO TEMATICO
Término de materia o nombre geográfico como elemento de entrada Expresión oral
9 (RLIN) 1525
710 2# - ASIENTO SECUNDARIO - NOMBRE CORPORATIVO
Nombre de entidad corporativa o nombre de jurisdicción como elemento de entrada Universidad Pedagógica Nacional (México).
Unidad subordinada Unidad 301
9 (RLIN) 28478
905 ## - TIPO DE MATERIAL
Tipo de material Tesis
Holdings
Estado de retiro Estado de pérdida Fuente del sistema de clasificación o colocación Estado dañado No para préstamo Código de colección Localización permanente Ubicación/localización actual Ubicación en estantería Fecha de adquisición Clasificación Código de barras Fecha visto por última vez Número de copia Tipo de ítem Koha
    Library of Congress Classification   Disponible (Préstamo en sala) Tesis impresas Bib. Gregorio Torres Quintero Bib. Gregorio Torres Quintero Planta alta Repositorios y acceso abierto 23/02/2023 12863 146343 31/12/2020 1 Libro